Español y sociales : (Record no. 58060)
[ view plain ]
| 000 -CABECERA | |
|---|---|
| campo de control de longitud fija | 00751nam a2200253 a 4500 |
| 003 - IDENTIFICADOR DEL NÚMERO DE CONTROL | |
| campo de control | DO-SdBNP |
| 005 - FECHA Y HORA DE LA ÚLTIMA TRANSACCIÓN | |
| campo de control | 20250115085851.0 |
| 007 - CAMPO FIJO DE DESCRIPCIÓN FÍSICA--INFORMACIÓN GENERAL | |
| campo de control de longitud fija | ta |
| 008 - DATOS DE LONGITUD FIJA--INFORMACIÓN GENERAL | |
| campo de control de longitud fija | 250115e19? dr a|||gr|||| 001 e spa d |
| 040 ## - FUENTE DE LA CATALOGACIÓN | |
| Centro catalogador/agencia de origen | DO-SdBNP |
| Lengua de catalogación | spa |
| Centro/agencia transcriptor | BNPHU |
| Normas de descripción | rda |
| 082 #4 - NÚMERO DE LA CLASIFICACIÓN DECIMAL DEWEY | |
| Número de clasificación | xxx |
| Número de documento/Ítem | R426e |
| Número de edición | 22 |
| 100 ## - ENTRADA PRINCIPAL--NOMBRE DE PERSONA | |
| 9 (RLIN) | 58658 |
| 110 ## - ENTRADA PRINCIPAL--NOMBRE DE ENTIDAD CORPORATIVA | |
| Nombre de entidad corporativa o nombre de jurisdicción como elemento de entrada | República Dominicana. |
| Unidad subordinada | Secretaria de Educación Bellas Artes y Cultos |
| 245 10 - MENCIÓN DE TÍTULO | |
| Título | Español y sociales : |
| Resto del título | libro 5to. grado |
| 264 ## - PRODUCCIÓN, PUBLICACIÓN, DISTRIBUCIÓN, FABRICACIÓN Y COPYRIGHT | |
| Producción, publicación, distribución, fabricación y copyright | Santo Domingo : |
| Nombre del de productor, editor, distribuidor, fabricante | De Colores, |
| Fecha de producción, publicación, distribución, fabricación o copyright | fecha desconocida |
| 300 ## - DESCRIPCIÓN FÍSICA | |
| Extensión | 109 páginas ; |
| Dimensiones | 29 cm. |
| 336 ## - TIPO DE CONTENIDO | |
| Término de tipo de contenido | rdacontent |
| Código de tipo de contenido | texto |
| Fuente | txt |
| 337 ## - TIPO DE MEDIO | |
| Nombre/término del tipo de medio | rdamedia |
| Código del tipo de medio | sin mediación |
| Fuente | n |
| 338 ## - TIPO DE SOPORTE | |
| Nombre/término del tipo de soporte | rdacarrier |
| Código del tipo de soporte | volumen |
| Fuente | nc |
| 490 ## - MENCIÓN DE SERIE | |
| Mención de serie | Dominicana 2000 |
| 590 ## - NOTA LOCAL (RLIN) | |
| Nota local | Inventariado 2025/DG |
| 910 ## - DATOS DE OPCIÓN DEL USUARIO (OCLC) | |
| Datos de opción del usuario | DG |
| 942 ## - ELEMENTOS DE PUNTO DE ACCESO ADICIONAL (KOHA) | |
| Fuente del sistema de clasificación o colocación | Dewey Decimal Classification |
| Tipo de ítem Koha | Libro |
| Estado de retiro | Estado de pérdida | Fuente del sistema de clasificación o colocación | Restricciones de uso | No para préstamo | Código de colección | Localización permanente | Ubicación/localización actual | Ubicación en estantería | Fecha de adquisición | Fuente de adquisición | Total de préstamos | Signatura topográfica completa | Código de barras | Fecha visto por última vez | Precio válido a partir de | Tipo de ítem Koha | Nota pública |
|---|---|---|---|---|---|---|---|---|---|---|---|---|---|---|---|---|---|
| Dewey Decimal Classification | Excluido de préstamo | Patrimonio Dominicano | Biblioteca Nacional Pedro Henríquez Ureña | Biblioteca Nacional Pedro Henríquez Ureña | En catalogación | 15.01.2025 | Donado por la Presidencia de la República Dominicana 2023 | BNPHU PD R426e | 2025-0141 | 15.01.2025 | 15.01.2025 | Libro | Pertenecio a la biblioteca personal de René Rodríguez Soriano |
